000 00845nam a2200217 i 4500
001 31772
003 ES-MaACL
005 20250902070712.0
007 t|
008 030130s1959 sp ||||1| spa d
100 1 _aBaumgarten, Franziska.
_926595
245 1 0 _aPsicología de las relaciones humanas en la empresa /
_cpor Franziska Baumgarten ; traducción de Federico López Valencia ; revisión y prólogo de José Mallart Cuto.
260 _aBarcelona :
_bLabor,
_c1959 (
_fTalls. Gráfs. Iberoamericanos)
300 _aXII, 269 p. ;
_c22 cm.
650 7 _aRelaciones interpersonales en el trabajo
_2embne
_9165747
650 0 7 _aGestión de empresas
_2embne
_912210
700 1 _aLópez Valencia, Federico.
_974012
700 0 _aMallart y Cutó, José.
_975793
852 _aES-MaACL
_jC-17632
_bR.46125
999 _c31772
_d31772